000 00470nam a2200181Ia 4500
008 100917s9999 xx 000 0 und d
082 _b8843
100 _aरहाळकर कृ. के.
245 _aबिंबा नगर
260 _b---
300 _a23
365 _b0.4
520 _aबालविभाग
630 _aबिंबा नगर
650 _aबालविभाग
730 _aबिंबा नगर
942 _cBOOK
999 _c614237
_d614234